Foundations of microeconomics / (Record no. 31266)

000 -LEADER
fixed length control field 01055cam a22003014a 4500
001 - CONTROL NUMBER
control field 15249400
005 - DATE AND TIME OF LATEST TRANSACTION
control field 20220301145059.0
008 - FIXED-LENGTH DATA ELEMENTS--GENERAL INFORMATION
fixed length control field 080405s2009 maua 001 0 eng
010 ## - LIBRARY OF CONGRESS CONTROL NUMBER
LC control number 2008272992
020 ## - INTERNATIONAL STANDARD BOOK NUMBER
International Standard Book Number 9780321522504
020 ## - INTERNATIONAL STANDARD BOOK NUMBER
International Standard Book Number 0321522508
040 ## - CATALOGING SOURCE
Original cataloging agency DLC
Transcribing agency DLC
Modifying agency DLC
050 00 - LIBRARY OF CONGRESS CALL NUMBER
Classification number HB171.5
Item number .B155 2009
082 00 - DEWEY DECIMAL CLASSIFICATION NUMBER
Classification number 338.5
Edition number 22
100 1# - MAIN ENTRY--PERSONAL NAME
Personal name Bade, Robin.
245 10 - TITLE STATEMENT
Title Foundations of microeconomics /
Statement of responsibility, etc. Robin Bade, Michael Parkin.
250 ## - EDITION STATEMENT
Edition statement 4th ed.
260 ## - PUBLICATION, DISTRIBUTION, ETC. (IMPRINT)
Place of publication, distribution, etc. Boston :
Name of publisher, distributor, etc. Pearson/Addison Wesley,
Date of publication, distribution, etc. c2009.
300 ## - PHYSICAL DESCRIPTION
Extent xxxix, 532, [24] p. :
Other physical details col. ill. ;
Dimensions 26 cm.
490 0# - SERIES STATEMENT
Series statement The Addison-Wesley series in economics
500 ## - GENERAL NOTE
General note Accompanied by companion online practice and tutorial help Web services and resources.
500 ## - GENERAL NOTE
General note Includes index.
650 #0 - SUBJECT ADDED ENTRY--TOPICAL TERM
Topical term or geographic name as entry element Microeconomics.
700 1# - ADDED ENTRY--PERSONAL NAME
Personal name Parkin, Michael,
Dates associated with a name 1939-
906 ## - LOCAL DATA ELEMENT F, LDF (RLIN)
a 7
b cbc
c origcop
d 3
e ncip
f 20
g y-gencatlg
942 ## - ADDED ENTRY ELEMENTS (KOHA)
Source of classification or shelving scheme
Koha item type Hard Covered Materials
Classification part HB171.5 B155 2009
Holdings
Withdrawn status Lost status Source of classification or shelving scheme Damaged status Not for loan Home library Current library Shelving location Date acquired Source of acquisition Cost, normal purchase price Total Checkouts Full call number Barcode Date last seen Price effective from Koha item type
          MACHAKOS UNIVERSITY LIBRARY MACHAKOS UNIVERSITY LIBRARY Open shelf 01/03/2022 Donation- Damaris Kimanzi 5207.00   HB171.5 B155 2009 23964 01/03/2022 01/03/2022 Hard Covered Materials
© Machakos University Library, Along The Highway, Machakos Wote Rd, Machakos, Kenya P.O. Box 136 - 90100 Machakos - Kenya

Tel: ( +254 ) 723 805829 OR Fax : 044-20353 OR Email: library@mksu.ac.ke